Ультразвуковая дефектоскопия головными волнами - физические предпосылки и практическое применение; Дефектоскопия; № 9

Détails bibliographiques
Parent link:Дефектоскопия.— , 1965-.— 0130-3082
№ 9.— 2004.— С. 27-37
Auteur principal: Разыграев Н. П.
Langue:russe
Publié: 2004
Collection:Акустические методы
Sujets:
Format: Chapitre de livre
KOHA link:https://koha.lib.tpu.ru/cgi-bin/koha/opac-detail.pl?biblionumber=428667

MARC

LEADER 00000naa2a2200000 4500
001 428667
005 20231101074845.0
035 |a (RuTPU)RU\TPU\prd\88269 
035 |a RU\TPU\prd\30923 
090 |a 428667 
100 |a 20101018a2004 k y0rusy50 ca 
101 0 |a rus 
102 |a RU 
200 1 |a Ультразвуковая дефектоскопия головными волнами - физические предпосылки и практическое применение  |f Н. П. Разыграев 
225 1 |a Акустические методы 
320 |a Библиогр.: 15 назв. 
461 1 |0 (RuTPU)RU\TPU\prd\151  |x 0130-3082  |t Дефектоскопия  |d 1965- 
463 1 |0 (RuTPU)RU\TPU\prd\88265  |t № 9  |v С. 27-37  |d 2004 
610 1 |a ультразвуковой контроль 
610 1 |a головные волны 
610 1 |a металлы 
610 1 |a атомные электростанции 
610 1 |a оборудование 
610 1 |a исследование 
610 1 |a наклонные преобразователи 
610 1 |a дефектоскопия 
675 |a 620.176.16  |v 3 
700 1 |a Разыграев  |b Н. П. 
801 1 |a RU  |b 63413507  |c 20041210  |g PSBO 
801 2 |a RU  |b 63413507  |c 20131230  |g RCR 
942 |c BK